000 01110nam a22002897i 4500
001 BINCO
003 CO-MdBIC
005 20240609182157.0
008 240609t1997 us a|||| |||| 00| 0 spa d
020 _a0590041584
040 _bspa.
_cCO-MdBIC
041 _aspa
082 _223
_a810.8
_bB852
100 _aBridwell, Norman,
245 1 _aClifford :
_by la limpieza de primavera
_c/ Norman Bridwell ; traducción de Teresa Mlawer
246 _aClifford's Spring Clean-Up
264 _aNew York, Estados Unidos :
_bScholastic ,
_c[1997]
264 _c©1997
300 _a32 páginas :
_bilustraciones a color ;
_c20 cm.
500 _aEn español
501 _aUna nueva aventura de Clifford encuentra al gran perro rojo trabajando duro para limpiar la casa, o intentando hacerlo, mientras sacude en pedazos las alfombras de Emily Elizabeth y desentierra las malas hierbas en un terreno baldío para el Día de la Tierra. Original.
650 7 _aLiteratura norteamericana
_92493
690 _aCuentos infantiles
690 _aFicción
700 _aMlawer, Teresa,
_etraductora
942 _cLGB
999 _c70106
_d70106